Week 10 Womens Basketball AP Poll - Statistics

General Stats
  • This quiz has been taken 5 times
  • The average score is 11 of 25
Answer Stats
Rank Change in Polls Team % Correct
2 Up 1 South Carolina
100%
3 Up 1 UCLA
100%
1 Stay UConn
100%
4 Down 2 Texas
80%
6 Up 6 LSU
60%
8 Up 1 Michigan
60%
15 Stay Michigan State
60%
23 NR Notre Dame
60%
13 Down 8 Oklahoma
60%
16 Up 2 Ole Miss
60%
20 Stay Tennessee
60%
11 Up 3 Iowa
40%
19 Down 8 Iowa State
40%
7 Down 1 Kentucky
40%
9 Up 1 Louisville
40%
5 Up 2 Vanderbilt
40%
21 NR Alabama
20%
18 Down 2 Baylor
20%
12 Down 4 Maryland
20%
14 Up 5 Ohio State
20%
22 Up 2 Princeton
20%
10 Up 3 TCU
20%
17 Stay Texas Tech
20%
25 NR Illinois
0%
24 Up 1 (HOW??) Nebraska
0%
No matching quizzes found
Score Distribution
Percent of People with Each Score
Percentile by Number Answered
Your Score History
You have not taken this quiz